000
00284nam a22001337a 4500
008
180917b xxu||||| |||| 00| 0 eng d
020
_a
9781455701506
041
_a
eng
080
_a
610
100
_a
3
101
_a
SHM
245
_a
Medical Assstant
_c
Hunt B
942
_2
udc
_c
BK
999
_c
47834
_d
47834